Délmagyarország. - 1979. március 21., Szerda
Elmentve itt :
| Dokumentumtípus: | Újság |
|---|---|
| Megjelent: |
1979-03-21
|
| Sorozat: | Délmagyarország
69 No. 67 |
| Online Access: | http://dmarchiv.bibl.u-szeged.hu/20763 |
| LEADER | 00488nas a2200145 i 4500 | ||
|---|---|---|---|
| 001 | delm20763 | ||
| 005 | 20200415080347.0 | ||
| 008 | 171215s1979 hu n o 0|| hun d | ||
| 022 | |a 0133-025X | ||
| 040 | |a SZTE Délmagyarország Archívum |b hun | ||
| 041 | |a hun | ||
| 245 | 0 | 0 | |a Délmagyarország. - 1979. március 21., Szerda |h [elektronikus dokumentum] |
| 260 | |c 1979-03-21 | ||
| 490 | 0 | |a Délmagyarország |v 69 No. 67 | |
| 856 | 4 | 0 | |u http://dmarchiv.bibl.u-szeged.hu/20763/1/dm_1979_067.pdf |z Dokumentum-elérés |